000
00216nam a22000857a 4500
008
170621b xxu||||| |||| 00| 0 eng d
100
_9
3600
_a
Singh. J
245
_a
Dictionary of Physics
260
_a
New Delhi
_b
A. P. H
_c
2010
999
_c
6988
_d
6988